01442nam a22003617a 4500003000500000005001700005008004100022010001000063011001000073035001000083040000900093090001000102100003600112245017200148260003800320300001000358502009500368590003700463590004100500590004100541590004100582590004100623590004100664590004200705650004200747650005800789650003500847901000700882942001000889949003600899999001700935952012800952CHAP20220329140649.0971013s1977 r 00010 d a55627 a56599 a60752 cCHAP aTesis00aSerrano Picazo, Camilo.9105235 aEvaluación de un proyecto ganadero ejidal en el estado de Yucatán, con financiamiento de la banca oficial y análisis de sus repercusiones económicas y sociales aMéxico, D.F. :bEl autor,c1977 a58 h. aTesis (Médico Veterinario Zootecnista) -- UNAM. Fac. de Medicina Veterinaria y Zootecnia aALEPHb10c20130110lUCH01h1333 aBATCH-UPDb10c20130110lUCH01h0336 aBATCH-UPDb10c20130110lUCH01h2221 aBATCH-UPDb10c20130410lUCH01h0009 aBATCH-UPDb10c20130410lUCH01h1519 aBATCH-UPDb10c20130914lUCH01h1103 aCONVERSIONb10c20130109lUCH01h133014aCrédito ganaderoxYucatán.92912214aGanaderíaxAspectos económicosxYucatán.94465314aGanaderíaxYucatán.944861 aBK cTESIS bBCcTESd-130748eTS1i60752si c55627d55627 00102local4051718TESISaBCbBCcPA_TESISd2012-12-17fTESISl0oTesisp-130748r2019-12-31 00:00:00w2019-12-31yTESIS